Tổ chức và kế hoạch hóa thi công cầu
Nội dung sách gồm: thiết kế tổ chức thi công cầu; lập tiến độ thi công theo sơ đồ ngang; tổ chức công trường thi công cầu; phương pháp so sánh kinh tế kỹ thuật các phương án thiết kế và những chỉ tiêu đánh giá tiến độ thi công cầu....
Đã lưu trong:
| Formáid: | Leabhar |
|---|---|
| Teanga: | Undetermined |
| Foilsithe: |
Hà Nội
Xây dựng
2014
|
| Ábhair: | |
| Clibeanna: |
Cuir Clib Leis
Gan Chlibeanna, Bí ar an gcéad duine leis an taifead seo a chlibeáil!
|
| Thư viện lưu trữ: | Trung tâm Học liệu Trường Đại học Cần Thơ |
|---|
| LEADER | 00985nam a2200205Ia 4500 | ||
|---|---|---|---|
| 001 | CTU_196934 | ||
| 008 | 210402s9999 xx 000 0 und d | ||
| 020 | |c 92000 | ||
| 082 | |a 624.2 | ||
| 082 | |b T450 | ||
| 245 | 0 | |a Tổ chức và kế hoạch hóa thi công cầu | |
| 245 | 0 | |c Nguyễn Tiến Oanh ... [et al.] | |
| 260 | |a Hà Nội | ||
| 260 | |b Xây dựng | ||
| 260 | |c 2014 | ||
| 520 | |a Nội dung sách gồm: thiết kế tổ chức thi công cầu; lập tiến độ thi công theo sơ đồ ngang; tổ chức công trường thi công cầu; phương pháp so sánh kinh tế kỹ thuật các phương án thiết kế và những chỉ tiêu đánh giá tiến độ thi công cầu. | ||
| 650 | |a Bridges,Cầu | ||
| 650 | |x Design and construction,Thiết kế và xây dựng | ||
| 904 | |i Tuyến | ||
| 980 | |a Trung tâm Học liệu Trường Đại học Cần Thơ | ||